[Event "Manaus Amazonense Cup"]
[Site "Manaus"]
[Date "2022.08.10"]
[Round "11"]
[White "Pessoa, Hudson Anselmo"]
[Black "Rocha, Roberto da Costa"]
[Result "1-0"]
[WhiteElo "1860"]
[BlackElo "1972"]
[PlyCount "55"]
[EventDate "2022.07.06"]
[EventType "tourn"]
[EventRounds "11"]
[EventCountry "BRA"]
[SourceTitle "EXT 2023"]
[Source "ChessBase"]
[SourceDate "2022.10.05"]
[SourceVersion "1"]
[SourceVersionDate "2022.10.05"]
[SourceQuality "1"]

1. d4 d5 2. c4 Nf6 3. Nc3 e6 4. Nf3 Be7 5. Bf4 c6 6. e3 Nbd7 7. h3 b6 8. Rc1 Bb7 9. Be2 Rc8 10. 0-0 0-0 11. cxd5 exd5 12. a3 Ne4 13. Nd2 Nxd2 14. Qxd2 Nf6 15. Bd3 Re8 16. f3 Bd6 17. Bg5 h6 18. Bh4 Be7 19. Bb1 Nh5 20. Bf2 Bh4 21. Bf5 Bxf2+ 22. Qxf2 Rc7 23. g4 Nf6 24. Rfe1 Rce7 25. Bb1 Qd6 26. e4 Qf4 27. e5 Nd7 28. Ne2 1-0

[Event "Manaus Amazonense Cup"]
[Site "Manaus"]
[Date "2022.07.30"]
[Round "8"]
[White "Rocha, Roberto da Costa"]
[Black "Farias, Igor Borge Cardoso"]
[Result "0-1"]
[WhiteElo "1972"]
[BlackElo "1896"]
[PlyCount "66"]
[EventDate "2022.07.06"]
[EventType "tourn"]
[EventRounds "11"]
[EventCountry "BRA"]
[SourceTitle "EXT 2023"]
[Source "ChessBase"]
[SourceDate "2022.10.05"]
[SourceVersion "1"]
[SourceVersionDate "2022.10.05"]
[SourceQuality "1"]

1. e4 c5 2. Nf3 d6 3. Bc4 e6 4. c3 Nf6 5. d3 Be7 6. 0-0 0-0 7. a4 Nc6 8. Re1 Na5 9. Ba2 b6 10. b4 Nc6 11. Ba3 Bb7 12. Nbd2 a5 13. b5 Ne5 14. Nxe5 dxe5 15. Nc4 Qc7 16. Qf3 Rfd8 17. Rad1 Rd7 18. Bc1 Rad8 19. Qg3 Nxe4 20. Qxe5 Qxe5 21. Nxe5 Nxc3 22. Nxd7 Nxd1 23. Nxb6 Nc3 24. Bc4 Rd6 25. Bb2 Bf6 26. Ba3 Bd4 27. Bxe6 Rxe6 28. Rxe6 fxe6 29. Nc4 Nxa4 30. Nxa5 Bd5 31. Kf1 Kf7 32. f3 Ke8 33. Ke2 Nc3+ 0-1

[Event "Manaus Amazonense Cup"]
[Site "Manaus"]
[Date "2022.07.14"]
[Round "4"]
[White "Mesquita, Eduardo Barbosa"]
[Black "Rocha, Roberto da Costa"]
[Result "1/2-1/2"]
[WhiteElo "1681"]
[BlackElo "1972"]
[PlyCount "74"]
[EventDate "2022.07.06"]
[EventType "tourn"]
[EventRounds "11"]
[EventCountry "BRA"]
[SourceTitle "EXT 2023"]
[Source "ChessBase"]
[SourceDate "2022.10.05"]
[SourceVersion "1"]
[SourceVersionDate "2022.10.05"]
[SourceQuality "1"]

1. e4 c5 2. Nf3 d6 3. d4 cxd4 4. Nxd4 Nf6 5. Nc3 a6 6. f3 e5 7. Nb3 Be6 8. Be3 Be7 9. Qd2 Nbd7 10. 0-0-0 Qc7 11. Kb1 b5 12. g4 h6 13. Nd5 Bxd5 14. exd5 Rc8 15. c4 Nb6 16. cxb5 Nbxd5 17. bxa6 Nxe3 18. Bb5+ Nd7 19. Qxe3 0-0 20. Bxd7 Qxd7 21. Qxe5 Qa7 22. Qe4 Rc7 23. Nd4 Qxa6 24. Nf5 Ra8 25. a3 Bf8 26. Nxd6 Rb8 27. Qe5 Qxa3 28. Nb5 Qc5 29. Qxc7 Qxb5 30. Qc2 Ra8 31. Rhf1 Qa6 32. Qb3 Qa1+ 33. Kc2 Rc8+ 34. Kd2 Qa5+ 35. Ke2 Qe5+ 36. Qe3 Qb5+ 37. Qd3 Qe5+ 1/2-1/2

[Event "Manaus Amazonense Cup"]
[Site "Manaus"]
[Date "2022.07.13"]
[Round "3"]
[White "Rocha, Roberto da Costa"]
[Black "Teixeira, Vitor Hugo Santos"]
[Result "0-1"]
[WhiteElo "1972"]
[BlackElo "1800"]
[PlyCount "88"]
[EventDate "2022.07.06"]
[EventType "tourn"]
[EventRounds "11"]
[EventCountry "BRA"]
[SourceTitle "EXT 2023"]
[Source "ChessBase"]
[SourceDate "2022.10.05"]
[SourceVersion "1"]
[SourceVersionDate "2022.10.05"]
[SourceQuality "1"]

1. e4 c5 2. Nf3 d6 3. c3 Nf6 4. Bb5+ Nbd7 5. e5 dxe5 6. Nxe5 e6 7. 0-0 Bd6 8. Nf3 0-0 9. d4 Qc7 10. Be3 Nd5 11. Nbd2 Nxe3 12. fxe3 Nf6 13. e4 cxd4 14. cxd4 Qb6 15. Qb3 Bd7 16. Bxd7 Nxd7 17. Qxb6 Nxb6 18. b3 Rac8 19. Rac1 Bf4 20. Kf2 Rfd8 21. Ke2 g5 22. g3 Rxc1 23. Rxc1 Bxd2 24. Kxd2 g4 25. Ne5 Rxd4+ 26. Ke3 Rd8 27. Nxg4 Kg7 28. Rc7 Rd7 29. Rc5 Rd1 30. Rg5+ Kf8 31. a4 a6 32. Rc5 Rb1 33. Rc3 f5 34. Ne5 Re1+ 35. Kd4 Rxe4+ 36. Kc5 Nd5 37. Rc4 Rxe5 38. Kd6 Re4 39. Rc8+ Kf7 40. Rb8 Nf6 41. Rc8 Ne8+ 42. Kc5 Re5+ 43. Kb6 Nd6 44. Rc7+ Kf6 0-1

[Event "Manaus Amazonense Cup"]
[Site "Manaus"]
[Date "2022.07.09"]
[Round "2"]
[White "De Oliveira, Victor Gabriel C"]
[Black "Rocha, Roberto da Costa"]
[Result "1-0"]
[WhiteElo "2170"]
[BlackElo "1972"]
[PlyCount "71"]
[EventDate "2022.07.06"]
[EventType "tourn"]
[EventRounds "11"]
[EventCountry "BRA"]
[SourceTitle "EXT 2023"]
[Source "ChessBase"]
[SourceDate "2022.10.05"]
[SourceVersion "1"]
[SourceVersionDate "2022.10.05"]
[SourceQuality "1"]

1. e4 c5 2. Nf3 Nc6 3. Bb5 d6 4. 0-0 Nf6 5. Re1 e5 6. c3 Bg4 7. d4 cxd4 8. cxd4 a6 9. Bxc6+ bxc6 10. dxe5 Bxf3 11. Qxf3 dxe5 12. Nc3 Bb4 13. Qg3 0-0 14. Bh6 Ne8 15. Rad1 Qe7 16. Rd3 Kh8 17. Bg5 f6 18. Bd2 g5 19. Qh3 Rf7 20. a3 Bxc3 21. Rxc3 Qd7 22. Qe3 Rd8 23. Rc2 Qb7 24. Ba5 Rd4 25. Bc3 Rd6 26. h4 h6 27. Bb4 Rd8 28. Rec1 Rc8 29. Qh3 gxh4 30. Qxh4 Kh7 31. Bd2 Ng7 32. Qxh6+ Kg8 33. Qg6 Rcf8 34. Rxc6 Qxb2 35. Bh6 Qxa3 36. Rc7 1-0

[Event "Amazonas-ch Absoluto"]
[Site "Manaus"]
[Date "2021.12.11"]
[Round "5"]
[White "De Moraes, Pedro Jorge"]
[Black "Rocha, Roberto da Costa"]
[Result "1-0"]
[WhiteElo "2025"]
[BlackElo "2047"]
[PlyCount "93"]
[EventDate "2021.12.04"]
[EventType "k.o."]
[EventRounds "7"]
[EventCountry "BRA"]
[SourceTitle "EXT 2023"]
[Source "ChessBase"]
[SourceDate "2022.10.05"]
[SourceVersion "1"]
[SourceVersionDate "2022.10.05"]
[SourceQuality "1"]

1. Nf3 g6 2. c4 Nf6 3. Nc3 Bg7 4. g3 d6 5. d4 0-0 6. Bg2 Nbd7 7. e4 e5 8. h3 c6 9. Be3 a5 10. 0-0 b6 11. dxe5 dxe5 12. Qd6 Ba6 13. Rfd1 Qb8 14. Bf1 Rc8 15. g4 Ra7 16. g5 Ne8 17. Qxb8 Rxb8 18. Rd2 Nf8 19. Na4 c5 20. Nxb6 Rxb6 21. Bxc5 Rbb7 22. Rd8 Nc7 23. Bxa7 Rxa7 24. Rad1 Nce6 25. Rb8 Nd4 26. Nxd4 exd4 27. f4 h6 28. e5 hxg5 29. Rxd4 gxf4 30. Rdd8 Re7 31. Re8 Rxe8 32. Rxe8 Bb7 33. c5 Bd5 34. Bb5 Be6 35. c6 Bxe5 36. b3 Kg7 37. Bc4 Bxc4 38. Rxe5 Be6 39. Rxa5 Bxh3 40. c7 Kf6 41. Ra8 Ke7 42. a4 g5 43. a5 Ng6 44. a6 Nh4 45. c8Q Bxc8 46. Rxc8 Nf3+ 47. Kf2 1-0

[Event "Titled Tuesday intern op 13th July"]
[Site "Chess.com INT"]
[Date "2021.07.13"]
[Round "7"]
[White "Zaksaite, Salomeja"]
[Black "Rocha, Roberto da Costa"]
[Result "0-1"]
[WhiteElo "2202"]
[BlackElo "1972"]
[PlyCount "82"]
[EventDate "2021.07.13"]
[EventType "swiss (blitz)"]
[EventRounds "11"]
[EventCountry "USA"]
[SourceTitle "CBM 203 Extra"]
[Source "ChessBase"]
[SourceDate "2021.09.30"]
[SourceVersion "1"]
[SourceVersionDate "2021.09.30"]
[SourceQuality "1"]

1. e4 c5 2. Nf3 Nc6 3. Bb5 d6 4. 0-0 Bd7 5. Re1 e5 6. c3 Nf6 7. h3 Be7 8. Bf1 Be6 9. Na3 0-0 10. Nc2 Qd7 11. d4 exd4 12. cxd4 cxd4 13. Ncxd4 Nxd4 14. Nxd4 Rfe8 15. f4 Qc7 16. f5 Bd7 17. Bf4 Qb6 18. Qd2 d5 19. exd5 Bc5 20. Red1 Nxd5 21. Kh2 Re4 22. Nb3 Bg1+ 23. Kh1 Nxf4 24. Qxd7 h6 25. f6 Bf2 26. Qf5 Qe6 27. Qxe6 Rxe6 28. fxg7 Kxg7 29. Rd7 b6 30. Bc4 Rf6 31. Rf1 Nh5 32. Rfd1 a6 33. Nd4 b5 34. Bd5 Re8 35. Nf3 Ng3+ 36. Kh2 Re2 37. b4 Nf5 38. Bb3 Bg3+ 39. Kg1 Ne3 40. R1d2 Rxf3 41. Rxe2 Rf1# 0-1

[Event "Titled Tuesday intern op 7th April"]
[Site "Chess.com INT"]
[Date "2020.04.07"]
[Round "1"]
[White "Cruz Lledo, Pablo"]
[Black "Rocha, Roberto da Costa"]
[Result "1-0"]
[WhiteElo "2470"]
[BlackElo "1972"]
[PlyCount "81"]
[EventDate "2020.04.07"]
[EventType "swiss (blitz)"]
[EventRounds "10"]
[EventCountry "USA"]
[SourceTitle "EXT 2021"]
[Source "ChessBase"]
[SourceDate "2020.10.23"]
[SourceVersion "1"]
[SourceVersionDate "2020.10.23"]
[SourceQuality "1"]

1. d4 d5 2. Nf3 Nf6 3. g3 e6 4. Bg2 Bd6 5. 0-0 0-0 6. Nbd2 b6 7. c4 Bb7 8. b3 Nbd7 9. Bb2 c5 10. Rc1 cxd4 11. Nxd4 Rc8 12. Qc2 Qe7 13. Qb1 Ba8 14. cxd5 Rxc1 15. Rxc1 Bxd5 16. e4 Ba8 17. Nc6 Bxc6 18. Rxc6 Ne5 19. Rc1 Nfd7 20. h3 f6 21. Kh2 Nf7 22. Nc4 e5 23. Nxd6 Qxd6 24. Rd1 Qe6 25. Bf1 Kh8 26. Bc4 Qe7 27. Qc1 Ng5 28. Ba3 Nc5 29. Bd5 Rd8 30. f4 Nf3+ 31. Kg2 Nd4 32. fxe5 fxe5 33. Rf1 h6 34. Rf7 Qe8 35. Bxc5 bxc5 36. Qxc5 Rc8 37. Rc7 Rxc7 38. Qxc7 Qf8 39. Qf7 Qc8 40. h4 h5 41. Qxh5# 1-0

[Event "Titled Tuesday intern op 7th April"]
[Site "Chess.com INT"]
[Date "2020.04.07"]
[Round "2"]
[White "Rocha, Roberto da Costa"]
[Black "Baum, Jonasz"]
[Result "0-1"]
[WhiteElo "1972"]
[BlackElo "2373"]
[PlyCount "46"]
[EventDate "2020.04.07"]
[EventType "swiss (blitz)"]
[EventRounds "10"]
[EventCountry "USA"]
[SourceTitle "EXT 2021"]
[Source "ChessBase"]
[SourceDate "2020.10.23"]
[SourceVersion "1"]
[SourceVersionDate "2020.10.23"]
[SourceQuality "1"]

1. e4 c5 2. Nf3 d6 3. c3 Nf6 4. Qe2 Nc6 5. d4 cxd4 6. cxd4 Bg4 7. Be3 Nxe4 8. d5 Ne5 9. Qb5+ Bd7 10. Qb4 Nxf3+ 11. gxf3 Nf6 12. Nc3 g6 13. Bb5 Bg7 14. 0-0-0 0-0 15. Ne4 a5 16. Qa4 Bxb5 17. Qxb5 a4 18. Kb1 a3 19. b3 Qc8 20. Rc1 Qf5 21. Qe2 Nxe4 22. fxe4 Qxe4+ 23. Rc2 Qxh1+ 0-1

[Event "BRA-ch 85th sf Reg2"]
[Site "Manaus"]
[Date "2018.11.03"]
[Round "5"]
[White "Rocha, Vitor Firmo de Souz"]
[Black "Rocha, Roberto da Costa"]
[Result "1-0"]
[WhiteElo "2174"]
[BlackElo "1987"]
[PlyCount "23"]
[EventDate "2018.11.01"]
[EventType "swiss"]
[EventRounds "7"]
[EventCountry "BRA"]
[SourceTitle "CBM 189 Extra"]
[Source "ChessBase"]
[SourceDate "2019.06.03"]
[SourceVersion "1"]
[SourceVersionDate "2019.06.03"]
[SourceQuality "1"]

1. e4 c5 2. d4 cxd4 3. Bf4 b5 4. a4 d6 5. Be2 b4 6. e5 d5 7. g3 g6 8. Bd3 Bd7 9. h4 Bc6 10. g4 h5 11. gxh5 gxh5 12. Bh7 1-0

[Event "BRA-ch 85th sf Reg2"]
[Site "Manaus"]
[Date "2018.11.02"]
[Round "3"]
[White "Rocha, Roberto da Costa"]
[Black "Carvalho, Felipe Lobo C"]
[Result "0-1"]
[WhiteElo "1987"]
[BlackElo "2097"]
[PlyCount "94"]
[EventDate "2018.11.01"]
[EventType "swiss"]
[EventRounds "7"]
[EventCountry "BRA"]
[SourceTitle "CBM 189 Extra"]
[Source "ChessBase"]
[SourceDate "2019.06.03"]
[SourceVersion "1"]
[SourceVersionDate "2019.06.03"]
[SourceQuality "1"]

1. d4 Nf6 2. Nf3 d5 3. Bf4 e6 4. e3 Bd6 5. Bg3 Bxg3 6. hxg3 Qd6 7. c3 Nbd7 8. Nbd2 e5 9. dxe5 Nxe5 10. Nxe5 Qxe5 11. Nf3 Qe7 12. Qd4 h5 13. Qe5 Be6 14. Nd4 0-0-0 15. Be2 g6 16. 0-0-0 Nd7 17. Qf4 g5 18. Nc6 bxc6 19. Qa4 Qc5 20. Ba6+ Kb8 21. Rd4 Nb6 22. Rb4 Ka8 23. Qa3 Rb8 24. Rd1 Bc8 25. Be2 Bb7 26. Rdd4 f5 27. Kb1 h4 28. gxh4 Rxh4 29. Rxh4 gxh4 30. Kc2 Rg8 31. Rxh4 Qxa3 32. bxa3 a5 33. g3 Kb8 34. Bd3 Bc8 35. Rh6 Kb7 36. Rf6 Rg5 37. Kd1 Na4 38. Kc2 Rh5 39. c4 dxc4 40. Bxc4 Rh2 41. e4 Rxf2+ 42. Kc1 Nb2 43. Bf1 Rxf1+ 44. Kxb2 Rf2+ 45. Kb1 Rf3 46. exf5 Bxf5+ 47. Kb2 Bg4 0-1

[Event "Manauara Benchimol Memorial"]
[Site "Manauara"]
[Date "2016.07.30"]
[Round "4"]
[White "Leite, Thales Ferreira"]
[Black "Rocha, Roberto da Costa"]
[Result "0-1"]
[WhiteElo "1725"]
[BlackElo "1985"]
[PlyCount "90"]
[EventDate "2016.07.28"]
[EventType "swiss"]
[EventRounds "6"]
[EventCountry "BRA"]
[SourceTitle "CBM 173 Extra"]
[Source "ChessBase"]
[SourceDate "2016.08.29"]
[SourceVersion "1"]
[SourceVersionDate "2016.08.29"]
[SourceQuality "1"]

1. e4 c5 2. Nf3 Nc6 3. d4 cxd4 4. Nxd4 g6 5. c4 Bg7 6. Be3 d6 7. Nc3 Nf6 8. Be2 Bd7 9. Qd2 h5 10. 0-0 Ne5 11. f3 Rc8 12. b3 a6 13. Nc2 0-0 14. Rab1 Kh7 15. h3 Bc6 16. Rfd1 Ned7 17. b4 b6 18. Bf2 Qc7 19. Ne3 Bh6 20. Qd4 Bb7 21. Ned5 Nxd5 22. Nxd5 Bxd5 23. Qxd5 Nf6 24. Qd4 Rb8 25. c5 dxc5 26. bxc5 b5 27. Be3 Rbd8 28. Qc3 Bg7 29. Qc2 Qc6 30. a4 Rxd1+ 31. Qxd1 Rb8 32. axb5 axb5 33. Qb3 b4 34. Qxf7 e5 35. Bc4 Rf8 36. Qa7 Nxe4 37. Rxb4 Ra8 38. Qb6 Ra1+ 39. Kh2 Qd7 40. fxe4 Qd1 41. c6 Qh1+ 42. Kg3 h4+ 43. Kf3 Qh2 44. Rb2 Re1 45. Bg8+ Kh8 0-1

[Event "Manaus Region-ch sf"]
[Site "Manaus"]
[Date "2015.10.31"]
[Round "3"]
[White "Rocha, Roberto da Costa"]
[Black "Presa, Luis Alberto Passos"]
[Result "1-0"]
[WhiteElo "2001"]
[BlackElo "1680"]
[PlyCount "93"]
[EventDate "2015.10.30"]
[EventType "swiss"]
[EventRounds "7"]
[EventCountry "BRA"]
[SourceTitle "CBM 169 Extra"]
[Source "ChessBase"]
[SourceDate "2015.12.18"]
[SourceVersion "1"]
[SourceVersionDate "2015.12.18"]
[SourceQuality "1"]

1. e4 c5 2. Nf3 d6 3. Bb5+ Bd7 4. Qe2 Bxb5 5. Qxb5+ Qd7 6. Nc3 a6 7. Qxd7+ Nxd7 8. Nd5 Rc8 9. c3 e6 10. Ne3 Ngf6 11. d3 Be7 12. b3 0-0 13. 0-0 Rfd8 14. Ba3 h6 15. Rfd1 b5 16. Rac1 Ne5 17. Nxe5 dxe5 18. f3 Bf8 19. Bb2 Bd6 20. Kf2 Bb8 21. Ke2 Rd7 22. Rd2 Ne8 23. Ra1 f6 24. a4 Ra7 25. g3 Kf7 26. d4 cxd4 27. cxd4 exd4 28. Bxd4 Rd7 29. Bb6 Rxd2+ 30. Kxd2 Rc6 31. a5 Bd6 32. Nc2 f5 33. exf5 exf5 34. Nd4 Bb4+ 35. Ke2 Rf6 36. Rc1 Bd6 37. Rc8 Be5 38. Nc6 Bb2 39. Nb8 Re6+ 40. Kd3 Nf6 41. Nxa6 Nd5 42. Rb8 b4 43. Kc4 Nc3 44. Nxb4 Rd6 45. a6 Nb1 46. Kc5 Rd7 47. Rb7 1-0

[Event "Amazonas-ch final"]
[Site "Manaus"]
[Date "2013.11.23"]
[Round "6"]
[White "Rocha, Roberto da Costa"]
[Black "De Pontes e Souza, Jose Geraldo"]
[Result "1-0"]
[WhiteElo "2013"]
[BlackElo "1867"]
[PlyCount "93"]
[EventDate "2013.11.09"]
[EventType "tourn"]
[EventRounds "9"]
[EventCountry "BRA"]
[SourceTitle "EXT 2018"]
[Source "ChessBase"]
[SourceDate "2017.10.13"]
[SourceVersion "1"]
[SourceVersionDate "2017.10.13"]
[SourceQuality "1"]

1. d4 Nf6 2. Nf3 e6 3. Bf4 Bb4+ 4. c3 Be7 5. e3 b6 6. Bd3 Bb7 7. Nbd2 0-0 8. Qc2 h6 9. e4 d6 10. 0-0 Nc6 11. Rad1 Nh5 12. Be3 e5 13. dxe5 Nxe5 14. Nxe5 dxe5 15. Nf3 Bd6 16. Be2 Qf6 17. g3 Qe7 18. Nh4 Nf6 19. Nf5 Qe6 20. Nxd6 cxd6 21. f3 Rfd8 22. c4 Nd7 23. Qd2 Nc5 24. b4 Na6 25. a3 Rac8 26. Rc1 Nc7 27. Bd3 Ne8 28. Qe2 Qe7 29. Bd2 Rc7 30. a4 Bc8 31. a5 Be6 32. Rc2 bxa5 33. b5 Ra8 34. Bxa5 Rb7 35. Qe3 Nf6 36. Rb1 Nd7 37. f4 Nc5 38. fxe5 Nxd3 39. Qxd3 dxe5 40. c5 Rd7 41. Qe3 Rd4 42. c6 Rc8 43. Rd2 Rxd2 44. Bxd2 f6 45. Bb4 Qd8 46. Qc5 Qd3 47. Re1 1-0

[Event "Manaus zt 2.4"]
[Site "Manaus"]
[Date "2013.05.02"]
[Round "8"]
[White "Benayon, Elismar da Silva"]
[Black "Rocha, Roberto da Costa"]
[Result "0-1"]
[WhiteElo "1808"]
[BlackElo "2001"]
[PlyCount "94"]
[EventDate "2013.04.27"]
[EventType "swiss"]
[EventRounds "9"]
[EventCountry "BRA"]
[SourceTitle "CBM 154 Extra"]
[Source "ChessBase"]
[SourceDate "2013.06.25"]
[SourceVersion "2"]
[SourceVersionDate "2013.06.25"]
[SourceQuality "1"]

1. Nc3 Nf6 2. Nf3 d5 3. d4 e6 4. Bg5 Be7 5. e4 Nxe4 6. Bxe7 Qxe7 7. Ne5 Nxc3 8. bxc3 Nd7 9. Bd3 Nxe5 10. dxe5 Qg5 11. 0-0 Qxe5 12. f4 Qxc3 13. Qf3 c6 14. f5 Qd4+ 15. Kh1 exf5 16. Rae1+ Be6 17. Bxf5 0-0-0 18. Bxe6+ fxe6 19. Qa3 Rhe8 20. c3 Qb6 21. Rb1 Qa6 22. Qc5 Rd7 23. h3 b5 24. a4 Qb6 25. Qa3 a6 26. axb5 cxb5 27. Rf3 Kb7 28. Rbf1 Rc8 29. Rf8 Qc5 30. Qxc5 Rxc5 31. Re8 Rxc3 32. Rff8 Rc6 33. Rb8+ Kc7 34. Rfe8 Kd6 35. Kg1 d4 36. Kf2 e5 37. Kf3 Rc3+ 38. Ke4 Re3+ 39. Kf5 Rf7+ 40. Kg5 Kd5 41. Rb6 Ke4 42. Rxa6 Rg3+ 43. Kh4 Rxg2 44. Rb6 Rf4+ 45. Kh5 h6 46. Rg6 Rxg6 47. Kxg6 Rh4 0-1

[Event "Manaus zt 2.4"]
[Site "Manaus"]
[Date "2013.05.01"]
[Round "6"]
[White "Macedo, Levy Salviano Jr"]
[Black "Rocha, Roberto da Costa"]
[Result "0-1"]
[WhiteElo "2041"]
[BlackElo "2001"]
[PlyCount "119"]
[EventDate "2013.04.27"]
[EventType "swiss"]
[EventRounds "9"]
[EventCountry "BRA"]
[SourceTitle "CBM 154 Extra"]
[Source "ChessBase"]
[SourceDate "2013.06.25"]
[SourceVersion "2"]
[SourceVersionDate "2013.06.25"]
[SourceQuality "1"]

1. e4 c5 2. Nf3 Nc6 3. d3 g6 4. g3 Bg7 5. Bg2 d6 6. 0-0 Bd7 7. Nc3 Nf6 8. a3 Qc8 9. Nd5 Nxd5 10. exd5 Nd4 11. c3 Nb5 12. Re1 e5 13. Nd2 Bh3 14. Bh1 0-0 15. Nc4 Rd8 16. f4 Nc7 17. a4 f6 18. Be3 Rb8 19. Qd2 Ne8 20. a5 Bf8 21. Rec1 Ng7 22. b4 b6 23. axb6 axb6 24. b5 Qb7 25. Ra6 Bd7 26. Qb2 Nf5 27. Bd2 Qc7 28. Rca1 Bc8 29. Ra7 Bb7 30. R1a6 Ra8 31. Rxa8 Rxa8 32. Rxa8 Bxa8 33. Qa2 Qb7 34. fxe5 dxe5 35. Nxe5 Nd6 36. Ng4 Be7 37. Bf4 f5 38. Bxd6 Bxd6 39. Ne5 Qb8 40. Nc6 Qe8 41. Kf2 g5 42. Qe2 Qxe2+ 43. Kxe2 Kf7 44. Nd8+ Kf6 45. Ke3 Be7 46. Ne6 Bb7 47. Bf3 Bd6 48. d4 Bc8 49. Nd8 f4+ 50. Kf2 g4 51. Be4 h5 52. gxf4 Bxf4 53. Kg2 Bc7 54. Nc6 Bd6 55. Bh7 Kg5 56. Be4 h4 57. Nd8 Kf6 58. Nc6 Bd7 59. Bh7 Kg5 60. Be4 0-1

[Event "Manaus zt 2.4"]
[Site "Manaus"]
[Date "2013.05.01"]
[Round "7"]
[White "Rocha, Roberto da Costa"]
[Black "Carvalho, Herbert Abreu"]
[Result "0-1"]
[WhiteElo "2001"]
[BlackElo "2182"]
[PlyCount "66"]
[EventDate "2013.04.27"]
[EventType "swiss"]
[EventRounds "9"]
[EventCountry "BRA"]
[SourceTitle "CBM 154 Extra"]
[Source "ChessBase"]
[SourceDate "2013.06.25"]
[SourceVersion "2"]
[SourceVersionDate "2013.06.25"]
[SourceQuality "1"]

1. c4 Nf6 2. Nc3 e5 3. e3 d5 4. d4 exd4 5. exd4 Be6 6. b3 Bb4 7. Bb2 Nc6 8. Nf3 0-0 9. a3 Bxc3+ 10. Bxc3 Ne4 11. Bb2 Re8 12. Be2 dxc4 13. 0-0 cxb3 14. Rc1 a5 15. Bb5 Bd5 16. Bc4 a4 17. Nd2 Na5 18. Bxd5 Qxd5 19. Nxe4 Rxe4 20. Rc5 Qd7 21. Qh5 b6 22. Rg5 Nc4 23. Bc3 Re6 24. Qg4 f6 25. Rh5 Rd6 26. Qe4 Re8 27. Qxh7+ Kf7 28. Rh4 Rd5 29. Rf4 Nxa3 30. h4 Nb5 31. Bb4 Nxd4 32. Rf3 Nxf3+ 33. gxf3 Qf5 0-1

[Event "Manaus zt 2.4"]
[Site "Manaus"]
[Date "2013.04.28"]
[Round "3"]
[White "Rocha, Roberto da Costa"]
[Black "Madeira, Wagner Martins"]
[Result "0-1"]
[WhiteElo "2001"]
[BlackElo "2233"]
[PlyCount "66"]
[EventDate "2013.04.27"]
[EventType "swiss"]
[EventRounds "9"]
[EventCountry "BRA"]
[SourceTitle "CBM 154 Extra"]
[Source "ChessBase"]
[SourceDate "2013.06.25"]
[SourceVersion "2"]
[SourceVersionDate "2013.06.25"]
[SourceQuality "1"]

1. d4 Nf6 2. Nf3 g6 3. Bf4 Bg7 4. c3 0-0 5. e3 d6 6. Be2 Nbd7 7. Nbd2 Re8 8. e4 e5 9. dxe5 dxe5 10. Bg3 Nh5 11. Qc2 Nf4 12. Bxf4 exf4 13. 0-0-0 a5 14. g3 Qf6 15. Rhe1 a4 16. a3 Nc5 17. Bc4 Bg4 18. h3 Bxf3 19. Nxf3 fxg3 20. Nd4 gxf2 21. Rf1 Nxe4 22. Kb1 Qf4 23. Bd5 c6 24. Bxe4 Qxe4 25. Rxf2 Rad8 26. Rdf1 Bxd4 27. cxd4 f5 28. Rf4 Qxc2+ 29. Kxc2 Re2+ 30. Kc1 Re4 31. Rxe4 fxe4 32. Rd1 Kf7 33. Kc2 Ke6 0-1

[Event "Manaus zt 2.4"]
[Site "Manaus"]
[Date "2013.04.27"]
[Round "1"]
[White "Rocha, Roberto da Costa"]
[Black "Fier, Alexandr"]
[Result "0-1"]
[WhiteElo "2001"]
[BlackElo "2604"]
[PlyCount "62"]
[EventDate "2013.04.27"]
[EventType "swiss"]
[EventRounds "9"]
[EventCountry "BRA"]
[SourceTitle "CBM 154 Extra"]
[Source "ChessBase"]
[SourceDate "2013.06.25"]
[SourceVersion "2"]
[SourceVersionDate "2013.06.25"]
[SourceQuality "1"]

1. d4 Nf6 2. Nf3 d6 3. Bf4 g6 4. e3 Nh5 5. Bg3 Nxg3 6. hxg3 Bg7 7. c3 Nd7 8. Nbd2 e5 9. dxe5 dxe5 10. Qc2 Qe7 11. Be2 Nc5 12. 0-0-0 Be6 13. Bc4 e4 14. Bxe6 Qxe6 15. Ng5 Qxa2 16. Ngxe4 Ne6 17. Qb3 Qa6 18. Qc4 f5 19. Qxa6 bxa6 20. Kc2 0-0-0 21. Ra1 fxe4 22. Nxe4 Kb7 23. Ra5 Rhe8 24. Rha1 Nd4+ 25. cxd4 Rxe4 26. Rxa6 Ra8 27. Kd3 Ree8 28. b4 Red8 29. Kc4 Rd6 30. R6a5 a6 31. d5 Bxa1 0-1

[Event "Manaus Taj Mahal op"]
[Site "Manaus"]
[Date "2012.09.16"]
[Round "6.11"]
[White "Rocha, Roberto da Costa"]
[Black "Da Silva, Hildebran Bergmann"]
[Result "1/2-1/2"]
[WhiteElo "2022"]
[BlackElo "2060"]
[PlyCount "42"]
[EventDate "2012.09.14"]
[EventType "swiss"]
[EventRounds "6"]
[EventCountry "BRA"]
[SourceTitle "EXT 2022"]
[Source "ChessBase"]
[SourceDate "2021.10.06"]
[SourceVersion "1"]
[SourceVersionDate "2021.10.06"]
[SourceQuality "1"]

1. d4 Nf6 2. Nf3 d5 3. Bf4 Bf5 4. Nbd2 Nbd7 5. e3 e6 6. Nh4 Bg4 7. Be2 Bxe2 8. Qxe2 c6 9. Nhf3 Bb4 10. c3 Ba5 11. Ne5 Nxe5 12. Bxe5 Bc7 13. Bxc7 Qxc7 14. 0-0 0-0 15. e4 dxe4 16. Nxe4 Qf4 17. Rae1 Nxe4 18. Qxe4 Qxe4 19. Rxe4 Rfd8 20. f4 Rd7 21. g4 Rad8 1/2-1/2